| 000 | 00520nas a2200181Ia 4500 | ||
|---|---|---|---|
| 008 | 130506s9999 || p r 0 0 | ||
| 022 | _a0889-8537 | ||
| 040 | _aCO-BoUCM | ||
| 041 | 0 | _aeng | |
| 245 | 0 | 0 | _aAnesthesiology clinics of North America |
| 260 |
_aNew York _bSaunders _c2004. |
||
| 300 | _av. | ||
| 310 | _aTrimestral | ||
| 650 | 0 | 4 |
_aAnestesiología _994 |
| 650 | 0 | 4 |
_aAnestesiología _vPublicaciones seriadas _994 |
| 650 | 0 | 4 |
_aFarmacología _vPublicaciones seriadas _915577 |
| 942 |
_cPUBSERIADA _2LOCAL _s1 _n0 |
||
| 999 |
_c94955 _d94955 |
||